000 00392nam a2200157Ia 4500
008 210716s2002 xx 000 0 und d
020 _a013008851X
041 _aeng
082 _a658.812 GOLB
100 _aGoldenberg, Barton J.
245 _aCRM automation.
250 _a1
260 _aNew Jercy
_bPrentice Hall
_c2002
300 _axx,294
650 _aSales & Distribution Management
999 _c200698
_d200698